00547nam a22001577a 450000500170000001000140001702000260003103700170005724501520007426000390022627000430026530000200030870000250032894200170035399900190037020170928172308.0 a1718EN-30 c400.00a9789351865377 bPrabhatadpl aPledge for an integrated India :cedited by Devesh Khandelwal ; foreworded by Amit ShahbDr, Mookerjee in throes of jammu and Kashmir 1951 to1653 / aNew DelhibPrabhat Prakashanc2016 bNew Delhia4/19 Asaf Ali Road,e110002 a303p.c21cm(hb) aKhandelwal, Devesh  cENmPLE2ddc c145770d145770